|
|
|
|
| LEADER |
00000nam a22000007i 4500 |
| 001 |
IT\ICCU\LO1\1853689 |
| 003 |
ItRI |
| 005 |
20260115232046.0 |
| 008 |
220328s2022 it |||||| ||||| |||||c |
| 020 |
|
|
|a 9788809960107
|
| 040 |
|
|
|b ita
|c importazione bologna sebina
|
| 041 |
|
7 |
|a ita
|2 ISO-639-2
|
| 082 |
|
|
|a 853.92
|9 NARRATIVA ITALIANA, 2000-
|2 23
|
| 100 |
0 |
|
|a Alice T.
|0 IT\ICCU\LO1V\484177
|4 aut
|
| 240 |
1 |
3 |
|a Un'Alice come un'altra
|3 IT\ICCU\LO1\1853700
|9 Alice T.
|
| 245 |
1 |
3 |
|a Un'Alice come un'altra /
|c Alice T.
|
| 260 |
|
|
|a Firenze ;
|a Milano :
|b Giunti,
|c 2022
|
| 300 |
|
|
|a 203 p. ;
|c 22 cm
|
| 520 |
|
|
|a La storia vera di una ragazzina nata in un corpo di maschio e del faticoso e doloroso processo di riconoscimento della sua identità.
|
| 830 |
|
0 |
|a L!nk
|0 IT\ICCU\CFI\0962600
|
| 942 |
|
|
|2 ddc
|c BK
|n 0
|
| 952 |
|
|
|0 0
|1 0
|4 0
|6 R_853_920000000000000_ALI
|7 0
|9 19333
|a BO
|b BO
|d 2026-01-15
|i 19773
|l 0
|o R 853.92 ALI
|p BO19773
|r 2026-01-15 23:20:46
|w 2026-01-15
|x [Sebina 5] [1 v.]
|y BK
|z 1 v.
|
| 952 |
|
|
|0 0
|1 0
|4 0
|6 R_853_920000000000000_ALI
|7 0
|9 19334
|a BO
|b BO
|d 2026-01-15
|i 21075
|l 0
|o R 853.92 ALI
|p BO21075
|r 2026-01-15 23:20:46
|w 2026-01-15
|x [Sebina 5] [1 v.]
|y BK
|z 1 v. (2. copia)
|
| 999 |
|
|
|c 16462
|d 16462
|